000 00363nam a2200133 a 4500
001 4140
005 20140414131932.0
008 090218s19uu xx 00 eng d
050 _aREF 423
_bC63 2001
245 _aCollins new school thesaurus.
260 _aLondon :
_bHarperCollins,
_c2001.
650 _aEnglish language
_xSynonyms and antonyms.
999 _c112238
_d112238